Atlas nářečí českého jazyka - lokál plurálu substantiv
Saved in:
| Main Author | |
|---|---|
| Other Authors | , |
| Format | Electronic eBook |
| Language | Czech |
| Published |
Univerzita Palackého v Olomouci
2025
|
| Edition | 1. elektronické vydání |
| Subjects | |
| Online Access | Dostupné v BOOKPORT po přihlášení pomocí eduID |
| ISBN | 978-80-244-6727-6 978-80-244-6725-2 |
| Physical Description | 1 online zdroj (106 stran) |
Cover
| LEADER | 00000nam a2200000 i 4500 | ||
|---|---|---|---|
| 001 | bkp796196771 | ||
| 003 | CZ-prgp | ||
| 005 | 20260423145425.0 | ||
| 006 | m o d | ||
| 007 | cr cn | ||
| 008 | 260423s2025 xr o 000 0 cze | ||
| 020 | |a 978-80-244-6727-6 |c 0 Kč |q (online ; pdf) | ||
| 020 | |a 978-80-244-6725-2 |c 299 Kč |q (print) | ||
| 040 | |a Grada |b cze |e rda | ||
| 100 | 1 | |a Ireinová, Martina | |
| 245 | 1 | 0 | |a Atlas nářečí českého jazyka - lokál plurálu substantiv |c Martina Ireinová, Vít Voženílek, Jakub Koníček |
| 250 | |a 1. elektronické vydání | ||
| 264 | 1 | |b Univerzita Palackého v Olomouci |c 2025 | |
| 300 | |a 1 online zdroj (106 stran) | ||
| 336 | |a text |b txt |2 rdacontent | ||
| 337 | |a počítač |b c |2 rdamedia | ||
| 338 | |a online zdroj |b cr |2 rdacarrier | ||
| 520 | 3 | |a Atlas nářečí českého jazyka - lokál plurálu substantiv je nejnovějším, v pořadí již šestým atlasovým svazkem vzniklým ve spolupráci brněnských dialektologů a olomouckých kartografů. Publikace obsahuje výsledky dialektologického zpracování geografické distribuce nářečních forem lokálu plurálu vybraných substantiv: 12 maskulin, 11 feminin, 6 neuter. Každou z 29 hlavních analytických map doprovází mapa rozšíření hláskových variant lokálových tvarů. Atlas dále obsahuje úvodní kapitoly k nářečním výzkumům, závěrečnou dialektologicko-geoinformatickou interpretaci a doprovodný aparát. Nářeční situaci doplňují zvukové ukázky z Archivu zvukových záznamů nářečních promluv ÚJČ v Brně, přístupné přes QR kódy, které dokumentují přirozené užití nářečních výrazů. Atlas čerpá z rozsáhlého materiálu nasbíraného během nářečního výzkumu v letech 1964-1976, který pokryl 420 venkovských lokalit a 57 měst. Mapy zahrnují část materiálu z 4. dílu Českého jazykového atlasu (1998) a také dosud nepublikované údaje, analyzováno bylo přibližně 8,5 tisíce nářečních dokladů. Koncepčním vyústěním atlasu jsou mapy prostorové syntézy, zachycující typizaci nářečních zakončení instrumentálu plurálu. Atlas vyniká svým specifickým vizuálním zpracováním a kartografickým přístupem, čímž dokládá rozmanité možnosti systematické geovizualizace nářečních dat. | |
| 650 | 0 | 4 | |a Lingvistika |
| 700 | 1 | |a Vít Voženílek | |
| 700 | 1 | |a Jakub Koníček | |
| 856 | 4 | 0 | |u https://www.bookport.cz/AccountSaml/SignIn/?idp=https://shibboleth.utb.cz/idp/shibboleth&returnUrl=/kniha/atlas-nareci-ceskeho-jazyka-lokal-pluralu-substantiv-16004/ |y Dostupné v BOOKPORT po přihlášení pomocí eduID |